00918nam a22001817a 4500003000900000008004100009040007100050082002100121100004100142245005300183260004100236300002800277505027400305650004300579650003100622650005200653650003100705AR-CdUCM190307b ||||| |||| 00| 0 spa d aMUNICIPALIDAD PROVINCIAL DEL CUSCOcBIBLIOTECA MUNICIPAL DEL CUSCO a371.272 / bC514 aChahuayo Súcñer, Víctor Manuel aCómo evaluar en el enfoque por competencias /  aCusco : bIdeagraf E.I.R.L., c2016. a97 páginas ; c20 cm. aContenido: ¿Qué es la SITUACIÓN SIGNIFICATIVA en el campo del trabajo significativo? -- ¿Qué es COMPETENCIA de acuerdo a la labor pedagógica? --¿Qué es una CAPACIDAD en la labor pedagógica? -- ¿Qué es INDICADOR de acuerdo a la labor pedagógica? ... aRendimiento académico - Evaluación aEstudiantes - Evaluación aMediciones y pruebas educativas - Metodología aCompetencias - Educación